000 00562nam a2200169 i 4500
001 71290
003 ES-MaACL
005 20251220063018.0
007 t|
008 040809s1940 sp ||||1| spa d
100 1 _aGay Prieto, José,
_d1905-1979
_956121
245 1 0 _aManuales de Medicina práctica
_b: enfermedades piógenas y parasitarias de la piel /
_cpor José Gay Prieto.
260 _aBarcelona :
_bSalvat,
_c1940 (
_fHispano-Americana)
300 _a187 p., 4 lám. ;
_c24 cm.
852 _aES-MaACL
_jE-630
_bR.19293
999 _c71290
_d71290